| 000 | 02727nam0a22004931 4500 | ||
|---|---|---|---|
| 001 | v19\rc\1734618 | ||
| 005 | 20260405193447.0 | ||
| 035 | _a(NLR Aleph) 004829372 | ||
| 090 |
_a4705788 _c4705788 |
||
| 100 | _a20061002d1901 |||y0rusy50 ca | ||
| 101 | 1 |
_arus _cger |
|
| 102 | _aRU | ||
| 105 | _aa z |||g| | ||
| 135 | _acrcn 024anaba | ||
| 200 | 1 |
_aСтепка-Растрепка _e[рассказы для детей в стихах _fГенрих Гофман] |
|
| 205 | _aИзд. 4-е | ||
| 210 |
_aМосква _cА.Д. Ступин _d1901 |
||
| 215 |
_a32 с. _cил. _d15 |
||
| 225 | 1 | _aБиблиотечка Ступина | |
| 300 | _aАвтор в книге не указан; установлен по изданию: Указатель заглавий произведений художественной литературы, 1801-1975, т. 6. - Москва, 1991. - С. 103 | ||
| 325 | 1 | _aКопия доступна в электронной библиотеке РНБ | |
| 327 | 1 | _aСодерж.: Растрепка ; Сашин суп ; Проворный Федя ; Мальчик-своевольник ; Арапчик ; Коля-верхогляд ; Сиди смирно за столом ; Неряшливый Гриша ; Дружок, не кажи язычок! | |
| 464 | 0 |
_12001#$aРастрепка _tРастрепка |
|
| 464 | 0 |
_12001#$aСашин суп _tСашин суп |
|
| 464 | 0 |
_12001#$aПроворный Федя _tПроворный Федя |
|
| 464 | 0 |
_12001#$aМальчик-своевольник _tМальчик-своевольник |
|
| 464 | 0 |
_12001#$aАрапчик _tАрапчик |
|
| 464 | 0 |
_12001#$aКоля-верхогляд _tКоля-верхогляд |
|
| 464 | 0 |
_12001#$aСиди смирно за столом _tСиди смирно за столом |
|
| 464 | 0 |
_12001#$aНеряшливый Гриша _tНеряшливый Гриша |
|
| 464 | 0 |
_12001#$aДружок, не кажи язычок! _tДружок, не кажи язычок! |
|
| 686 | 0 |
_aШ9(4Г)60-5 _2rubbk |
|
| 700 | 1 |
_8rus _7ca _aГофман _bГ. _cпсихиатр, писатель _f1809-1894 _gГенрих _3RU\NLR\AUTH\7785244 _968172 |
|
| 801 | 0 |
_aRU _bNLR _gpsbo |
|
| 801 | 0 |
_aRU _bRuMoRGB _2psbo |
|
| 801 | 1 |
_aRU _bProSoft-M _2rusmarc |
|
| 801 | 2 |
_aRU _bNLR _c20171207 _2rusmarc |
|
| 852 |
_aNLR _j18.335.3.60 |
||
| 901 | _eКнижные издания | ||
| 942 | _cBOOK | ||
| 980 | _aNB | ||
| 981 | 3 | 3 |
_a(33) Художественная литература _b(33) Книги для детей |